000 00408nam a2200181Ia 4500
001 20527
005 20260306172812.0
008 260306t2008||||xx |||||||||||||| ||spa||
041 _aESP
082 _a343.4
_bA39
100 _aAlexy, Robert
_eAUT
245 0 _aTeorĂ­a de los derechos fundamentales
260 _c2008
300 _a
_c
650 _aGEN
654 _aCDE
942 _cLIB
_dJUS
_fJUS
_2ddc
_n
999 _c20527
_d20527